अप्रकाशित राग (Record no. 976545)

MARC details
000 -LEADER
fixed length control field 00350nam a2200133Ia 4500
008 - FIXED-LENGTH DATA ELEMENTS--GENERAL INFORMATION
fixed length control field 151001s9999||||xx |||||||||||||| ||und||
100 ## - MAIN ENTRY--PERSONAL NAME
Personal name ज द पत्की
245 ## - TITLE STATEMENT
Title अप्रकाशित राग
250 ## - EDITION STATEMENT
Edition statement 3
260 ## - PUBLICATION, DISTRIBUTION, ETC. (IMPRINT)
Name of publisher, distributor, etc संगीत कार्यालय
260 ## - PUBLICATION, DISTRIBUTION, ETC. (IMPRINT)
Date of publication, distribution, etc 1975
300 ## - PHYSICAL DESCRIPTION
Extent 95
365 ## - TRADE PRICE
Price amount 21

No items available.